000 00199 a2200097 4500
001 12042
100 _aAldington, R.
245 _aLawrence of Arabia
260 _a
_bCollins
_c
090 _c9294
_d9294
942 _aNUST-CAE
_cM
_c36149
999 _c247115
_d247115